000 00673nam a22002177a 4500
005 20170124110152.0
010 _aB-023953
020 _a0195651278
_c00.00
035 _aB-023953
037 _bCen Lib/Ret
040 _aDPL
_bEN
082 _a617
_bDOR
100 _aDorairajan, N.
_934141
245 _aCurrent concepts in surgery /
_cby N. Dorairajan
260 _aNew Delhi
_bOxford University Press
_c2000
270 _aYMCA Library Building, Jai Singh Road
_bNew Delhi
_e110001
300 _axv,144p. :
_c25cm(Hb)
_bill.
650 _aSurgery
_994000
650 _aSurgical Procedures, Operative -- methods
_934143
942 _2ddc
_cEN
_h617
_mDOR
999 _c132249
_d132249